[Event "Schachbundesliga 2011-12"]
[Site "Muelheim GER"]
[Date "2011.10.16"]
[Round "3"]
[White "Kraemer,Mart"]
[Black "Nyback,T"]
[Result "1/2-1/2"]
[WhiteElo "2492"]
[BlackElo "2627"]

1.d4 d5 2.c4 c6 3.Nc3 Nf6 4.e3 e6 5.Nf3 Nbd7 6.Qc2 Bd6 7.Bd3 dxc4 8.Bxc4 O-O
9.O-O a6 10.Rd1 b5 11.Bd3 Qc7 12.Bd2 c5 13.dxc5 Qxc5 14.a4 Bb7 15.axb5 Bxf3
16.gxf3 Qh5 17.f4 e5 18.Bf1 exf4 19.exf4 Bc5 20.h3 axb5 21.Rxa8 Rxa8 22.Nxb5 Qf3
23.Be3 Bxe3 24.fxe3 Qxe3+ 25.Qf2 Qb3 26.Re1 Rb8 27.Nd6 Qb4 28.Rd1 Qxb2 29.Qxb2 Rxb2
30.Bc4 Rb4 31.Bxf7+ Kf8 32.Be6 Rxf4 33.Bxd7 Nxd7 34.Rf1 Rxf1+ 35.Kxf1 Ke7
36.Ne4 Ke6 37.Kf2 Kf5 38.Nc3 Nf6 39.Kf3 Kg5 40.Kg3 Nh5+ 41.Kg2 Kf5 42.Kf3 Nf4
43.Kg3 Ng6 44.Kf3 h5 45.Nd5 Ke5 46.Nb4 Nh4+ 47.Ke3 Kf5 48.Nd3 Kg5 49.Ne5 Ng2+
50.Kf3 Kf5 51.Nc4 Nh4+ 52.Kg3 g5 53.Nd6+ Ke5 54.Nf7+ Kf6 55.Nd8 Nf5+ 56.Kf3 Nd4+
57.Kg3 Kf5 58.Nf7 h4+ 59.Kg2 Kf4 60.Kf2 Ne6 61.Nh6 Ke4 62.Nf7 Kf4 63.Nh6 Nc5
64.Nf7 Ne4+ 65.Kg2 Ke3 66.Nh6 Nc5 67.Nf5+ Ke4 68.Nd6+ Kf4 69.Nf7 Nd3 70.Kf1 Nb4
71.Kf2 Nd5 72.Kg2 Ne3+ 73.Kh2 Kf5 74.Kg1 Nd5 75.Kg2 Nf4+ 76.Kh2 Ne6 77.Kg2 Ke4
78.Kf2 Kf4 79.Nh6 Nd4 80.Nf7 Nf5 81.Kg2 Ne3+ 82.Kh2 Kf5 83.Kg1 Kf6 84.Nd6 Ke6
85.Ne4 Kf5 86.Nd6+ Kf4 87.Nf7 g4 88.hxg4 Kxg4 89.Kh2 Nf1+ 90.Kg2 Ne3+  1/2-1/2

[Event "Chigorin Memorial Open"]
[Site "St Petersburg RUS"]
[Date "2011.10.16"]
[Round "3.89"]
[White "Korchmar,V"]
[Black "Kanakin,K"]
[Result "1-0"]
[WhiteElo "2253"]
[BlackElo "1944"]

1.d4 d5 2.c4 c6 3.Nf3 Nf6 4.Nc3 e6 5.e3 Nbd7 6.Bd3 Bd6 7.O-O O-O 8.e4 dxe4
9.Nxe4 Nxe4 10.Bxe4 Nf6 11.Bc2 b5 12.c5 Be7 13.Ne5 Bb7 14.Qd3 g6 15.Bh6 Re8
16.Rae1 Nd5 17.Qg3 Bf8 18.Bxf8 Rxf8 19.Re4 Ne7 20.Rf4 Nf5 21.Bxf5 exf5 22.Rxf5 Qxd4
23.Rxf7 Rxf7 24.Nxf7 Qxc5 25.Qc7 Ba6 26.Nd8 Qd5 27.Nxc6 Qxa2 28.Nb8 b4 29.Rd1 Bd3
30.Qd8+ Kg7 31.Rxd3  1-0

[Event "Chigorin Memorial Open"]
[Site "St Petersburg RUS"]
[Date "2011.10.16"]
[Round "3.38"]
[White "Demianjuk,A"]
[Black "Al Sayed,Mohamad"]
[Result "1-0"]
[WhiteElo "2319"]
[BlackElo "2519"]

1.d4 d5 2.c4 c6 3.Nc3 Nf6 4.e3 e6 5.Nf3 Nbd7 6.Bd3 dxc4 7.Bxc4 b5 8.Bd3 a6
9.O-O c5 10.a4 b4 11.Ne4 Bb7 12.Nxf6+ Nxf6 13.dxc5 Bxc5 14.Qe2 Qd5 15.Rd1 Qh5
16.h3 O-O 17.e4 Rfd8 18.Bf4 a5 19.Rac1 Rac8 20.Bb1 Rxd1+ 21.Rxd1 Bb6 22.Bg5 h6
23.Qb5 hxg5 24.Qxb6 Bxe4 25.Bxe4 Nxe4 26.Qb7  1-0

[Event "Chigorin Memorial Open"]
[Site "St Petersburg RUS"]
[Date "2011.10.16"]
[Round "3.34"]
[White "Malakhatko,V"]
[Black "Charochkina,D"]
[Result "1/2-1/2"]
[WhiteElo "2543"]
[BlackElo "2332"]

1.c4 c6 2.Nf3 d5 3.e3 Nf6 4.Nc3 e6 5.d4 Nbd7 6.Bd3 dxc4 7.Bxc4 b5 8.Bd3 Bd6
9.O-O O-O 10.Ne2 e5 11.Ng3 Re8 12.Qc2 Bb7 13.b3 a6 14.Ne4 Nxe4 15.Bxe4 h6
16.Bb2 exd4 17.Bxd4 Qe7 18.Nd2 Bb4 19.Bc3 Bxc3 20.Qxc3 Rad8 21.Rac1 Nf6 22.Bf3 c5
23.Rfd1 Bxf3 24.Nxf3 Ne4 25.Qc2 Rc8 26.h3 c4 27.bxc4 Rxc4 28.Qb2 Rec8 29.Rxc4 bxc4
30.Qc2 c3 31.Rb1 Qe6 32.Nd4 Qd5 33.Rb3 Nd2 34.Rxc3 Rxc3 35.Qxc3 Qxa2 36.h4 Qb1+
37.Kh2 Qb8+ 38.g3 Ne4 39.Qc2 Qb7 40.Nf5 Nf6  1/2-1/2

[Event "Magistral Casino Barcelona"]
[Site "Barcelona ESP"]
[Date "2011.10.17"]
[Round "6"]
[White "Oms Pallisse,J"]
[Black "Alsina Leal,D"]
[Result "0-1"]
[WhiteElo "2493"]
[BlackElo "2529"]

1.d4 d5 2.c4 c6 3.Nc3 Nf6 4.e3 e6 5.Nf3 Nbd7 6.Qc2 Bd6 7.Bd3 O-O 8.O-O dxc4
9.Bxc4 b5 10.Be2 Bb7 11.Rd1 Qb8 12.e4 e5 13.Bg5 exd4 14.Rxd4 c5 15.Rd2 b4
16.Nb5 Bxe4 17.Qd1 Bf4 18.Rxd7 Bxf3 19.Bxf6 Bc6 20.Be7 Re8 21.Bc4 Bxh2+ 22.Kh1 Qf4
23.Nd6 Rxe7 24.Rxe7 Qg5 25.Re4 Bxd6 26.Rg4 Qh6+ 27.Kg1 Qh2+ 28.Kf1 h5 29.Rg5 Qh1+  0-1

[Event "Indonesia Open"]
[Site "Jakarta INA"]
[Date "2011.10.17"]
[Round "6.21"]
[White "Marentek,H"]
[Black "Irwanto,S"]
[Result "0-1"]
[WhiteElo "2227"]
[BlackElo "2429"]

1.d4 Nf6 2.c4 e6 3.Nc3 d5 4.Nf3 c6 5.e3 Nbd7 6.b3 Bb4 7.Bd2 Qe7 8.Be2 O-O
9.O-O Bd6 10.Qc2 dxc4 11.Bxc4 e5 12.Ne4 Nxe4 13.Qxe4 Nf6 14.Qh4 e4 15.Ne1 b5
16.Be2 Be6 17.f4 a5 18.f5 Bd5 19.g4 h6 20.Nc2 b4 21.Rfb1 a4 22.Qe1 Rfb8 23.h3 c5
24.dxc5 Bxc5 25.bxa4 Rxa4 26.a3 b3 27.Nb4 Qe5 28.Nxd5 Nxd5 29.Bd1 Bd6 30.Kf1 Qh2
31.Qf2 Qxh3+ 32.Kg1 b2 33.Ra2 Rxa3 34.Rxa3 Bxa3 35.Qg2 Qxg2+ 36.Kxg2 Rc8  0-1

[Event "Chigorin Memorial Open"]
[Site "St Petersburg RUS"]
[Date "2011.10.17"]
[Round "4.16"]
[White "Jumabayev,R"]
[Black "Shinkevich,V"]
[Result "0-1"]
[WhiteElo "2589"]
[BlackElo "2480"]

1.d4 d5 2.c4 c6 3.Nc3 Nf6 4.Nf3 e6 5.e3 Nbd7 6.Qc2 b6 7.cxd5 exd5 8.Bd3 Bb7
9.O-O Be7 10.e4 dxe4 11.Nxe4 O-O 12.Rd1 h6 13.Ne5 Rc8 14.Qe2 c5 15.Nxf6+ Nxf6
16.dxc5 Qc7 17.cxb6 Qxb6 18.Bf4 Bc5 19.Rac1 Rfe8 20.Bc4 Rc7 21.Qf1 Ne4 22.Nd3 Bd6
23.Bxd6 Qxd6 24.f3 Ng5 25.Qf2 Bxf3 26.Re1 Rxe1+ 27.Nxe1 Ba8 28.b3 g6 29.h3 Kh7
30.Rc2 Re7 31.Nd3 Ne4 32.Qf4 Qb6+ 33.Kh2 f5 34.g4 fxg4 35.hxg4 Ng5 36.Rf2 Re3
37.Bg8+ Kh8 38.Bd5 Bxd5 39.Qf8+ Kh7 40.Nf4 Qc7  0-1

[Event "Chigorin Memorial Open"]
[Site "St Petersburg RUS"]
[Date "2011.10.17"]
[Round "4.48"]
[White "Nezad,H"]
[Black "Goryachkina,A"]
[Result "1/2-1/2"]
[WhiteElo "2414"]
[BlackElo "2248"]

1.d4 d5 2.c4 c6 3.Nc3 Nf6 4.e3 e6 5.Nf3 Nbd7 6.Qc2 Bd6 7.Bd3 O-O 8.O-O dxc4
9.Bxc4 b5 10.Bd3 Bb7 11.a3 a6 12.b4 a5 13.Rb1 axb4 14.axb4 Qe7 15.e4 e5 16.Ne2 exd4
17.Nexd4 Bxb4 18.e5 Nxe5 19.Nxe5 Qxe5 20.Rxb4 Qd6 21.Qb2 c5 22.Rxb5 Bc8 23.Nb3 Qxd3
24.Nxc5 Qd6 25.h3 Nd7 26.Be3 Re8 27.Rc1 Nxc5 28.Rbxc5 Rb8 29.Qc3 Bb7 30.Rb1 Qg6
31.Rxb7 Rxb7 32.Rg5 Qb1+ 33.Kh2 g6 34.Qf6 Rxe3 35.Qd8+ Kg7 36.Qd4+ f6 37.fxe3 Qb2
38.Rd5 Qxd4 39.Rxd4 Re7 40.e4 Kf7  1/2-1/2

[Event "Chigorin Memorial Open"]
[Site "St Petersburg RUS"]
[Date "2011.10.17"]
[Round "4.103"]
[White "Lagashin,P"]
[Black "Lysukha,Nikita"]
[Result "1-0"]
[WhiteElo "2140"]
[BlackElo "1683"]

1.d4 d5 2.c4 e6 3.Nf3 Nf6 4.Nc3 c6 5.e3 Be7 6.Bd3 O-O 7.e4 dxc4 8.Bxc4 b5
9.Bd3 Qb6 10.O-O Bb7 11.Bg5 Re8 12.e5 Nd5 13.Nxd5 cxd5 14.Bxe7 Rxe7 15.Bxh7+ Kxh7
16.Ng5+ Kg8 17.Qh5 Rd7 18.Qh7+ Kf8 19.Qh8+ Ke7 20.Qxg7 Kd8 21.Nxf7+ Kc7 22.Qf6 Qxd4
23.Nd6 a6 24.Qxe6 Nc6 25.Rac1 Qb6 26.Ne8+ Kd8 27.Nf6 Kc7 28.Nxd7 Qd4 29.Qd6+ Kc8
30.Rxc6+ Bxc6 31.Qxc6+ Kd8 32.Qxa8+ Kxd7 33.Qb7+ Ke6 34.Qc6+ Kxe5 35.Re1+ Kf4
36.Qh6+ Kf5 37.Qe6+ Kf4 38.g3+ Kg5 39.h4+ Kh5 40.Qf5+ Kh6 41.Re6+ Kg7 42.Qg6+  1-0

[Event "Chigorin Memorial Open"]
[Site "St Petersburg RUS"]
[Date "2011.10.17"]
[Round "4.10"]
[White "Ionov,S"]
[Black "Sjugirov,S"]
[Result "1/2-1/2"]
[WhiteElo "2540"]
[BlackElo "2627"]

1.c4 e6 2.Nc3 d5 3.d4 c6 4.e3 Nf6 5.Nf3 Nbd7 6.Bd3 dxc4 7.Bxc4 b5 8.Bd3 Bb7
9.O-O a6 10.a4 b4 11.Ne4 c5 12.Nxf6+ Qxf6 13.Re1 h6 14.b3 cxd4 15.exd4 Bd6
16.Bb2 O-O 17.Qe2 Qe7 18.Rac1 Rfd8 19.Rc2 a5 20.Nd2 Nb6 21.Be4 Bxe4 22.Qxe4 Rac8
23.Rec1 Rxc2 24.Rxc2 Nd5 25.Nc4 Bc7 26.g3 Qg5 27.Ne3 Bb6 28.Rc6 Ba7 29.Nxd5 Qxd5
30.Qxd5 Rxd5 31.Rc8+ Kh7 32.Rc7 Bxd4 33.Bxd4 Rxd4 34.Rxf7 Rd3 35.Ra7 Rxb3
36.Rxa5 Ra3 37.Ra8 Kg6 38.a5 b3 39.Rb8 Rxa5 40.Rxb3 Kf6  1/2-1/2

[Event "49th ch-IND NatA"]
[Site "Aurangabad IND"]
[Date "2011.10.18"]
[Round "10"]
[White "Sethuraman,S"]
[Black "Bakre,T"]
[Result "1-0"]
[WhiteElo "2529"]
[BlackElo "2507"]

1.d4 d5 2.c4 c6 3.Nf3 Nf6 4.e3 e6 5.Nc3 Nbd7 6.Bd3 Bd6 7.O-O O-O 8.Qc2 dxc4
9.Bxc4 b5 10.Be2 Bb7 11.Rd1 Qb8 12.e4 e5 13.dxe5 Nxe5 14.Nd4 Ned7 15.g3 Re8
16.Nf5 Bc7 17.Be3 g6 18.Nh6+ Kg7 19.Qb3 Re7 20.Bg5 Qe8 21.Rac1 Bb6 22.Rd6 Re6
23.Rcd1 Nc5 24.Rxe6 fxe6 25.Qc2 e5 26.Rd6 Ne6 27.Bxf6+ Kxf6 28.Bg4 Bc8 29.Nf5 h5
30.Bf3 Kf7 31.Nd5 cxd5 32.Rxb6 Qf8 33.exd5 axb6 34.dxe6+ Bxe6 35.Qc7+ Kf6
36.Nd6 Ra4 37.Ne4+ Rxe4 38.Bxe4 Qb4 39.Qd8+ Kf7 40.Qc7+ Kf6 41.Qc6 Qc5 42.a3 Qxc6
43.Bxc6 b4 44.axb4 Kf5 45.f3 g5 46.Be4+ Kf6 47.h4 g4 48.Kf2 gxf3 49.Bxf3 Kg6
50.Ke3 Bf5 51.Be2 Kh6 52.Bb5 Kg7 53.Bc6 Kf6 54.Bf3 Kg6 55.Kd2 Bd7 56.Kd3 Bb5+
57.Kc3 Bf1 58.g4 hxg4 59.Bxg4 Ba6 60.Kd2 Bb5 61.Ke3 Bc6 62.Bf3 Be8 63.Be2 Bc6
64.b5 Bd5 65.Bf3 Bf7 66.h5+ Kg5 67.b4 Bb3 68.Ke4 Bc4 69.Kxe5 Bxb5 70.Kd6 Ba4
71.Kc7 b5 72.Kb6 Kh6 73.Be2 Kg5 74.Bxb5 Bd1 75.Be8 Be2 76.Kc5 Kh6 77.Bg6 Kg5
78.Kd4 Bb5 79.Bf7 Be2 80.Kc5 Kf6 81.Be8 Kg5 82.Bg6 Kf6 83.Kd4 Kg5 84.Bd3 Bxh5
85.b5 Kf4 86.b6 Bf3 87.Bb5 Bb7 88.Kc5 Ke3 89.Kd6 Kd4 90.Kc7  1-0

[Event "Indonesia Open"]
[Site "Jakarta INA"]
[Date "2011.10.18"]
[Round "8.17"]
[White "Irwanto,S"]
[Black "Khairul,A"]
[Result "0-1"]
[WhiteElo "2429"]
[BlackElo "2266"]

1.d4 d5 2.Nf3 Nf6 3.c4 c6 4.Nc3 e6 5.e3 Nbd7 6.Qc2 Bd6 7.Bd3 O-O 8.O-O dxc4
9.Bxc4 e5 10.h3 Qe7 11.Bd2 e4 12.Ng5 Nb6 13.Bb3 Bf5 14.f3 Rae8 15.Ngxe4 Nxe4
16.fxe4 Bxe4 17.Nxe4 Qxe4 18.Qxe4 Rxe4 19.Rf3 Re7 20.Re1 c5 21.dxc5 Bxc5
22.Kf1 Rfe8 23.Rc1 Bd6 24.Ke2 Nd7 25.Rcf1 Rf8 26.Rf5 Nf6 27.R1f3 b6 28.g4 Ne4
29.Be1 Nc5 30.Bh4 Rc7 31.Bd1 Ne6 32.Rd5 Bc5 33.Bb3 Re8 34.Kf2 a6 35.Kg2 h6
36.Bg3 Rb7 37.h4 Nf8 38.Rdf5 Ree7 39.Bd5 Rbd7 40.e4 Bd4 41.Rb3 Ne6 42.Rf1 Bc5
43.Rd3 Nd8 44.Rfd1 Kf8 45.g5 a5 46.gxh6 gxh6 47.Bf4 Kg7 48.Kf3 f6 49.R1d2 Nf7
50.Rg2+ Kh7 51.Ke2 Ne5 52.Rdg3 Rxd5 53.exd5 Ng6+ 54.Kf3 Nxh4+ 55.Kg4 Nxg2
56.Rxg2 Rg7+ 57.Kf3 Rxg2 58.Kxg2 Kg6 59.Kf3 Kf5 60.d6 Ke6 61.Bxh6 Kxd6 62.Ke4 Ke6
63.Bf4 f5+ 64.Kd3 Kd5 65.a4 Bd6 66.Be3 Bc7 67.Bd2 f4 68.b4 Ke5 69.Be1 Kf5
70.bxa5 bxa5 71.Bf2 Kg4 72.Bd4 Kh3 73.Ke2 Kg2  0-1

[Event "5th SPICE Cup GpB"]
[Site "Lubbock USA"]
[Date "2011.10.18"]
[Round "7"]
[White "Arnold,Mar"]
[Black "Amanov,M"]
[Result "1/2-1/2"]
[WhiteElo "2505"]
[BlackElo "2541"]

1.d4 d5 2.c4 c6 3.Nf3 Nf6 4.Nc3 e6 5.e3 Nbd7 6.Qc2 Bd6 7.Bd3 O-O 8.O-O dxc4
9.Bxc4 a6 10.Rd1 b5 11.Bd3 Qc7 12.Ne4 Nxe4 13.Bxe4 Nf6 14.Bd3 c5 15.dxc5 Qxc5
16.Qxc5 Bxc5  1/2-1/2

[Event "Chigorin Memorial Open"]
[Site "St Petersburg RUS"]
[Date "2011.10.18"]
[Round "5.109"]
[White "Fokin,A"]
[Black "Irinchinov,V"]
[Result "0-1"]
[WhiteElo "1858"]
[BlackElo "2050"]

1.d4 d5 2.c4 c6 3.e3 Nf6 4.Nf3 e6 5.Nc3 Nbd7 6.a3 a5 7.Bd3 dxc4 8.Bxc4 b5
9.Bd3 b4 10.axb4 Bxb4 11.Qe2 O-O 12.O-O Qc7 13.Bd2 Bb7 14.Rfc1 Qb8 15.Na4 e5
16.dxe5 Nxe5 17.Nxe5 Qxe5 18.Nb6 Rad8 19.Bxb4 axb4 20.Ra7 Qb8 21.Ra5 Qc7
22.Nc4 c5 23.Rca1 Rfe8 24.f3 Nd5 25.Be4 g6 26.Ra7 Qb8 27.R7a5 Qc7 28.Qf2 Nf6
29.Bxb7 Qxb7 30.Rxc5 b3 31.e4 Qb4 32.Rc1 Rxe4 33.Ne3 Red4 34.Nf1 Kg7 35.R5c3 Nd5
36.Rxb3 Qa4 37.Rb7 Nf6 38.Rcc7 R8d7 39.Rxd7 Nxd7 40.b3 Qa1 41.g3 Rd3 42.Kg2 Qc3
43.Qe2 Ne5 44.Rb8 Rxf3 45.Rc8 Qd4 46.Rd8 Qxd8 47.Qxe5+ Qf6 48.Qe2 Rxb3 49.Nd2 Rb2
50.Qd3 Ra2 51.Kh3 h5 52.g4 Qe6 53.Qd4+ Kh7 54.Nf3 Ra3 55.Kg3 Qe2 56.Qd5 h4+
57.Kf4 Ra4+ 58.Nd4 Qxh2+ 59.Kg5 Qf2 60.Nf5 Ra7 61.Qd4 Qxd4 62.Nxd4 h3 63.Nf3 Ra2  0-1

[Event "Chigorin Memorial Open"]
[Site "St Petersburg RUS"]
[Date "2011.10.18"]
[Round "5.29"]
[White "Korobov,A"]
[Black "Arslanov,S"]
[Result "1-0"]
[WhiteElo "2671"]
[BlackElo "2413"]

1.d4 d5 2.c4 c6 3.Nc3 Nf6 4.Nf3 e6 5.e3 Nbd7 6.Qc2 Bd6 7.g4 h6 8.Rg1 b5 9.c5 Bc7
10.h4 e5 11.g5 hxg5 12.hxg5 Ng8 13.g6 Nh6 14.e4 b4 15.Bg5 f6 16.Bxh6 Rxh6
17.Na4 exd4 18.O-O-O Bf4+ 19.Kb1 Ne5 20.Nxd4 Rh2 21.Bg2 Bg4 22.Rde1 Qa5 23.b3 O-O-O
24.exd5 cxd5 25.Bf1 Rdh8  1-0

[Event "Chigorin Memorial Open"]
[Site "St Petersburg RUS"]
[Date "2011.10.19"]
[Round "6.18"]
[White "Aleksandrov,A"]
[Black "Shinkevich,V"]
[Result "1/2-1/2"]
[WhiteElo "2618"]
[BlackElo "2480"]

1.d4 d5 2.c4 c6 3.Nc3 Nf6 4.e3 e6 5.Nf3 Nbd7 6.Qc2 Bd6 7.g4 h6 8.Bd2 dxc4
9.Bxc4 b5 10.Be2 Bb7 11.g5 hxg5 12.Nxg5 Qb6 13.Nce4 Nxe4 14.Nxe4 Be7 15.b4 a5
16.bxa5 Rxa5 17.Bxa5 Qxa5+ 18.Kf1 c5 19.Rg1 cxd4 20.exd4 g6 21.Bf3 Qa8 22.Re1 Rxh2
23.Qc7 Rh4 24.Nf6+ Bxf6 25.Bxb7 Qxa2 26.Bc8 Qc4+ 27.Qxc4 bxc4 28.d5 e5 29.Rg3 Rh1+
30.Ke2 Rxe1+ 31.Kxe1 Nb6 32.Ba6 Ke7 33.Ke2 Bg7 34.Rc3 e4 35.Rxc4 Nxc4 36.Bxc4 Be5
37.f3 exf3+ 38.Kxf3 f5 39.Bb5 g5 40.Bd3 Kf6 41.Bc2 g4+ 42.Kg2 Kg5 43.Bd3 f4
44.Be2  1/2-1/2

[Event "Magistral Casino Barcelona"]
[Site "Barcelona ESP"]
[Date "2011.10.20"]
[Round "9"]
[White "Peralta,Fe"]
[Black "Oms Pallisse,J"]
[Result "1/2-1/2"]
[WhiteElo "2602"]
[BlackElo "2493"]

1.d4 d5 2.c4 c6 3.Nf3 Nf6 4.Nc3 e6 5.e3 Nbd7 6.Bd3 dxc4 7.Bxc4 b5 8.Bd3 a6
9.e4 c5 10.d5 Qc7 11.O-O Bb7 12.Bc2 c4 13.dxe6 fxe6 14.Ne2 Nc5 15.Bf4 Qb6
16.Ng3 Be7 17.Bg5 O-O 18.Qe2 h6 19.Be3 Qc7 20.Nh4 Nfxe4 21.Nxe4 Bxe4 22.Bxe4 Nxe4
23.Ng6 Rfe8 24.Bxh6 Nc5 25.Be3 Nd3 26.Qh5 Bf6 27.f4 Qc6 28.Qh8+ Kf7 29.Qh5 Kg8
30.Rf3 Qe4 31.Rh3 Qf5 32.Qh7+ Kf7 33.Rg3 Rad8 34.Rf1 Rd4 35.h4 Re4 36.Rg5 Rxe3
37.Rxf5 exf5 38.Ne5+ Nxe5 39.fxe5 R8xe5 40.Rxf5 Re1+ 41.Kh2 R5e4 42.Rf2 Ke7
43.g3 R4e2 44.Qf5 Rxf2+ 45.Qxf2 Rb1 46.Qc5+ Kf7 47.Qd5+ Kf8 48.Qc5+ Kf7 49.Qd5+ Kf8
50.Qc5+  1/2-1/2

[Event "Chigorin Memorial Open"]
[Site "St Petersburg RUS"]
[Date "2011.10.20"]
[Round "7.67"]
[White "Ageichenko,G"]
[Black "Shaidullina,S"]
[Result "1-0"]
[WhiteElo "2343"]
[BlackElo "2191"]

1.Nf3 d5 2.d4 Nf6 3.c4 e6 4.Nc3 c6 5.e3 Nbd7 6.Qc2 b6 7.Bd3 Bb7 8.O-O Qc7
9.b3 Rc8 10.Bb2 Bd6 11.Rac1 h6 12.Qe2 Qb8 13.e4 dxe4 14.Nxe4 Nxe4 15.Bxe4 O-O
16.Rcd1 f5 17.Bb1 Rce8 18.c5 bxc5 19.Ne5 Nf6 20.dxc5 Ba6 21.Bd3 Bxd3 22.Rxd3 Bxe5
23.Bxe5 Qb5 24.Re1 Rf7 25.Bd6 e5 26.Re3 Qxe2 27.R3xe2 e4 28.f3 Nd5 29.fxe4 Nc3
30.Re3 Nxe4 31.g4 g6 32.Bf4 Rd8 33.Bxh6 Rh7 34.gxf5 gxf5 35.Bf4 Rg7+ 36.Bg3 Rd2
37.R1e2 Rxe2 38.Rxe2 Nxg3 39.hxg3 Rxg3+ 40.Kf2 Rc3 41.Re7 a5 42.Re5 f4 43.Rf5 Rc2+
44.Kf3 Rxa2 45.Rf6 Rb2 46.Rxc6 Rxb3+ 47.Kxf4 a4 48.Ra6 Rc3 49.c6 Kf7 50.Ke5 Ke7
51.Kd4 Rh3 52.Kc5 Rh5+ 53.Kb6 Rh4 54.Ra8 Rh6 55.Rxa4 Rh1 56.Re4+ Kd6 57.Rd4+ Ke7
58.c7 Rb1+ 59.Kc6 Rc1+ 60.Kb7 Rb1+ 61.Kc8 Rc1 62.Re4+ Kd6 63.Rd4+ Ke7 64.Rd2 Rh1
65.Rb2 Rh8+ 66.Kb7 Kd7 67.Rd2+ Ke7  1-0

[Event "Chigorin Memorial Open"]
[Site "St Petersburg RUS"]
[Date "2011.10.20"]
[Round "7.50"]
[White "Pavlov,Aleks"]
[Black "Nezad,H"]
[Result "0-1"]
[WhiteElo "2303"]
[BlackElo "2414"]

1.d4 d5 2.c4 c6 3.Nf3 Nf6 4.Nc3 e6 5.e3 Nbd7 6.Qc2 Bd6 7.g4 Nxg4 8.Rg1 f5
9.h3 Ngf6 10.Rxg7 Ne4 11.Bd3 Qf6 12.Rg2 Nf8 13.Bd2 Ng6 14.O-O-O Bd7 15.Rdg1 Bc7
16.Be1 O-O-O 17.Ne2 Kb8 18.Kb1 Rhf8 19.Nc1 dxc4 20.Bxc4 e5 21.Bb4 c5 22.dxc5 Bc6
23.Qe2 f4 24.Rf1 Qf5 25.Ka1 Qxh3 26.Rh2 Qg4 27.Rg1 Ng3 28.fxg3 Bxf3 29.Qc2 fxg3
30.Rxh7 g2 31.Be1 Rd1 32.Bf2 Rfd8 33.Rg7 R1d2 34.Qxg6 Qxg6 35.Rxg6 Rxf2 36.a3 e4
37.Nb3 Bh2  0-1

[Event "49th ch-IND NatA"]
[Site "Aurangabad IND"]
[Date "2011.10.21"]
[Round "13"]
[White "Sundararajan,K"]
[Black "Bakre,T"]
[Result "1/2-1/2"]
[WhiteElo "2474"]
[BlackElo "2507"]

1.d4 d5 2.c4 c6 3.Nc3 Nf6 4.e3 e6 5.Nf3 Nbd7 6.Qc2 Bd6 7.Bd3 O-O 8.O-O dxc4
9.Bxc4 b5 10.Bd3 Bb7 11.e4 e5 12.h3 Re8 13.dxe5 Nxe5 14.Nxe5 Bxe5 15.Be3 Qe7
16.Rfd1 a6 17.a4 Rac8 18.Rac1 c5 19.Nd5 Bxd5 20.exd5 c4 21.Be2 Qb4 22.axb5 axb5
23.Rb1 Ne4 24.Bf3 Nd6 25.Bd2 Qc5 26.Be3 Qc7 27.Bd2 Qc5 28.Be3 Qc7 29.Bd2 Qc5
30.Be3 Qxe3  1/2-1/2

[Event "1st Central Asia Cup"]
[Site "Tashkent UZB"]
[Date "2011.10.21"]
[Round "4.25"]
[White "Gevorgyan,I"]
[Black "Gadoev,T"]
[Result "1-0"]
[WhiteElo "2122"]
[BlackElo "2025"]

1.Nf3 d5 2.d4 c6 3.c4 e6 4.e3 Nf6 5.Nc3 Nbd7 6.Qc2 Bd6 7.Be2 O-O 8.O-O dxc4
9.Bxc4 Qe7 10.a3 e5 11.h3 exd4 12.exd4 Nb6 13.Ba2 h6 14.Bd2 Nbd5 15.Rae1 Qc7
16.Nxd5 cxd5 17.Qxc7 Bxc7 18.Bb4 Rd8 19.Be7 Be6 20.Bxd8 Rxd8 21.Rc1 Bb6 22.Bb1 Ne8
23.Rfd1 Nd6 24.a4 Nc4 25.b3 Na5 26.b4 Nc4 27.Ne5 Bxd4 28.Nxc4 dxc4 29.Rd2 Bf6
30.Rxd8+ Bxd8 31.Ba2 Be7 32.b5 a6 33.Bxc4 Bxc4 34.Rxc4 axb5 35.Rc8+ Kh7 36.axb5 Bf6  1-0

[Event "26th Le Touquet Open"]
[Site "Le Touquet FRA"]
[Date "2011.10.22"]
[Round "1.9"]
[White "Alcaraz Ortega,J"]
[Black "Rigolot,L"]
[Result "1-0"]
[WhiteElo "2333"]
[BlackElo "1981"]

1.d4 d5 2.Nf3 Nf6 3.c4 c6 4.Nc3 e6 5.e3 Nbd7 6.Qc2 Bd6 7.Be2 O-O 8.O-O b6
9.Rd1 Bb7 10.e4 dxe4 11.Nxe4 Nxe4 12.Qxe4 Nf6 13.Qh4 Qe7 14.Bd3 Rfe8 15.b3 c5
16.d5 exd5 17.Bg5 h6 18.Bxf6 Qxf6 19.Qxf6 gxf6 20.cxd5 Bxd5 21.Bb5 Be5 22.Nxe5 Rxe5
23.f4 Rf5 24.g4 Rxf4 25.Rxd5 Rxg4+ 26.Kf2 a6 27.Be2 Rg5 28.Rad1 Kg7 29.h4 Re5
30.Rd6 Re6 31.Rxe6 fxe6 32.Rd6 e5 33.Rxb6 a5 34.Rc6 a4 35.Rxc5 axb3 36.axb3 Ra3
37.b4 Rh3 38.h5 Kf7 39.Rc7+ Ke8 40.b5 f5 41.Rc5 Ke7 42.Rxe5+ Kf6 43.Re3 Rh4
44.Rb3 Rd4 45.b6 Rd8 46.b7 Rb8 47.Rb6+ Kg5 48.Bf3 f4 49.Ra6  1-0

[Event "12th Liberec Open"]
[Site "Liberec CZE"]
[Date "2011.10.22"]
[Round "1"]
[White "Klecker,T"]
[Black "Finnbogadottir,T"]
[Result "1-0"]
[WhiteElo "2191"]
[BlackElo "1803"]

1.d4 d5 2.Nf3 Nf6 3.c4 c6 4.Nc3 e6 5.e3 Nbd7 6.b3 Bd6 7.Bd3 e5 8.cxd5 exd4
9.Nxd4 Nxd5 10.Nxd5 Qa5+ 11.Qd2 Qxd5 12.Nf5 Be5 13.e4 Qc5 14.Bb2 O-O 15.Rc1 Qb6
16.O-O Bxb2 17.Qxb2 Nf6 18.Ne7+ Kh8 19.e5 Ng8 20.Nxc8 Raxc8 21.Rc4 Qd8 22.Qc2 h6
23.Bf5 Rc7 24.Rd1 Qe7 25.f4 Rd8 26.Rcd4 Rxd4 27.Rxd4 c5 28.Rd1 b5 29.Qd3 c4
30.Qd6 g6 31.Bc2 a5 32.Rd5 cxb3 33.Bxb3 a4 34.Bd1 Rc1 35.Qxe7 Nxe7 36.Rd2 Kg7
37.Kf2 a3 38.Rd7 Kf8 39.Bb3 Rb1 40.Rb7 Rxb3 41.axb3 Nc6 42.Rb6 a2 43.Ra6 Nb4
44.Ra7 Ke8 45.Ke2 Kd8 46.Kd2 Kc8 47.Kc3 Nd5+ 48.Kb2 Nxf4 49.Rxf7 Nd3+ 50.Kxa2 Nxe5
51.Rg7 b4 52.Re7 Nd3 53.g3 Nf2 54.Re6 Ng4 55.h3 Nf2 56.Rxg6 Nxh3 57.Rxh6 Nf2
58.Rh4 Nd3 59.Rd4 Nc1+ 60.Kb2 Ne2 61.Rc4+ Kd7 62.g4 Ng1 63.Rxb4 Nf3 64.Rf4 Ne5
65.Ka3 Kd6 66.Ka4 Kc6 67.b4 Nd3 68.Rd4 Ne5 69.g5 Kc7 70.Re4 Ng6 71.Ka5 Kd6
72.b5 Nf8 73.Ka6 Nh7 74.g6 Nf6 75.g7 Kd7 76.b6  1-0

[Event "TCh-SVK Extraliga 2011-12"]
[Site "Slovakia SVK"]
[Date "2011.10.22"]
[Round "1"]
[White "Dobrotka,M"]
[Black "Federic,J"]
[Result "0-1"]
[WhiteElo "2259"]
[BlackElo "2270"]

1.d4 d5 2.c4 e6 3.Nf3 Nf6 4.Nc3 c6 5.e3 Nbd7 6.cxd5 exd5 7.Bd3 Bd6 8.O-O O-O
9.Rb1 a5 10.a3 Re8 11.Re1 Ne4 12.Qc2 f5 13.b4 axb4 14.axb4 Ndf6 15.b5 Re6
16.g3 Ng4 17.Nd1 Qe8 18.Kg2 Bd7 19.h3 Ngf6 20.Nc3 Qb8 21.Nh4 Bxg3 22.Bxe4 Nxe4
23.Nxe4 Bxh4 24.Nc5 Rg6+ 25.Kh1 Qd8 26.Bb2 Bc8 27.Rg1 Qf6 28.f4 Bg3 29.Qd3 Qh4
30.Qf1 Ra5 31.bxc6 bxc6 32.Ra1 Rxa1 33.Bxa1 Qe7 34.Bc3 Qxe3 35.Qd3 Qxf4 36.Qe2 Qd6
37.Bb4 Qd8 38.Ba5 Qf8 39.Be1 Bd6 40.Rxg6 hxg6 41.Bf2 Qe7 42.Qxe7 Bxe7 43.Kg2 g5
44.Kf3 Kf7 45.Be1 f4 46.Nd3 Bd6 47.Ne5+ Bxe5 48.dxe5 Bxh3  0-1

[Event "Chigorin Memorial Open"]
[Site "St Petersburg RUS"]
[Date "2011.10.22"]
[Round "9.88"]
[White "Sukhareva,E"]
[Black "Andreeva,Y"]
[Result "1-0"]
[WhiteElo "2213"]
[BlackElo "1940"]

1.d4 d5 2.Nf3 c6 3.c4 e6 4.e3 Nf6 5.Nc3 Nbd7 6.Qc2 b6 7.Be2 Bb7 8.O-O Be7
9.Ne5 O-O 10.f4 dxc4 11.Bxc4 c5 12.Rd1 cxd4 13.exd4 Qc8 14.Qe2 a6 15.a4 Nxe5
16.fxe5 Nd7 17.Bd3 Re8 18.Qg4 f5 19.exf6 Bxf6 20.Be3 Nf8 21.Ne4 Bxe4 22.Bxe4 Rb8
23.Rac1 Qd8 24.Qe2 Rc8 25.Bc6 Re7 26.Qxa6 Kh8 27.d5 exd5 28.Bxb6 Rxc6 29.Rxc6 Qe8
30.Rc8 Qf7 31.Qa8  1-0

[Event "33rd Arco Open"]
[Site "Arco ITA"]
[Date "2011.10.23"]
[Round "2"]
[White "Bonanzinga,C"]
[Black "Negro,R"]
[Result "0-1"]
[WhiteElo "2136"]
[BlackElo "1915"]

1.d4 d5 2.c4 c6 3.Nc3 Nf6 4.e3 e6 5.Nf3 Nbd7 6.Bd3 dxc4 7.Bxc4 b5 8.Bd3 Bd6
9.e4 e5 10.d5 cxd5 11.Nxb5 Bb4+ 12.Bd2 Bxd2+ 13.Qxd2 O-O 14.Nc3 d4 15.Ne2 Bb7
16.Ng3 Re8 17.Nf5 Nxe4 18.Bxe4 Bxe4 19.Nd6 Bxf3 20.Nxe8 Bxg2 21.Rg1 Qxe8
22.Rxg2 Rc8 23.Qh6 g6 24.Rd1 Rc2 25.Rd2 Rc1+ 26.Rd1 Rc4 27.Qh5 Nf6 28.Qe2 Qc6
29.Rg5 Rc2 30.Rd2 Qh1+ 31.Qf1  0-1

[Event "TCh-BEL 2011-12"]
[Site "Belgium BEL"]
[Date "2011.10.23"]
[Round "2.4"]
[White "Koch,T1"]
[Black "Gulbas,C"]
[Result "1-0"]
[WhiteElo "2439"]
[BlackElo "2387"]

1.d4 d5 2.c4 c6 3.Nc3 Nf6 4.e3 e6 5.Nf3 Nbd7 6.Qc2 Bd6 7.b3 O-O 8.Be2 Qe7
9.O-O dxc4 10.bxc4 e5 11.Rb1 Re8 12.a4 e4 13.Nd2 c5 14.Nb3 a6 15.Rd1 h6 16.Ba3 cxd4
17.Bxd6 Qxd6 18.exd4 Nf8 19.c5 Qf4 20.Qd2 Qh4 21.Qe3 Ng4 22.Bxg4 Bxg4 23.Re1 f5
24.Qg3 Qd8 25.d5 Ng6 26.Nd4 Qc8 27.Ne6 Re7 28.Nxe4  1-0

[Event "12th Liberec Open"]
[Site "Liberec CZE"]
[Date "2011.10.23"]
[Round "2"]
[White "Bartos,J"]
[Black "Richter,Martin CZE"]
[Result "1-0"]
[WhiteElo "2239"]
[BlackElo "2012"]

1.d4 d5 2.c4 e6 3.Nf3 Nf6 4.Nc3 c6 5.e3 Nbd7 6.Bd3 dxc4 7.Bxc4 b5 8.Be2 a6
9.e4 c5 10.e5 Nd5 11.a4 Qa5 12.O-O N7b6 13.Ne4 c4 14.Bd2 b4 15.Qc2 Bd7 16.Bxc4 Nxc4
17.Qxc4 Rc8 18.Qb3 Be7 19.Ne1 Qb6 20.Nf3 a5 21.Bg5 f6 22.exf6 gxf6 23.Bh6 Kf7
24.Qd3 Rcg8 25.Rfc1 Rg6 26.Bd2 Bc6 27.b3 Rhg8 28.g3 Rc8 29.Rc2 Bb7 30.Rxc8 Bxc8
31.Qb5 Ba6 32.Qxb6 Nxb6 33.Rc1 Bb7 34.Re1 Rg4 35.Bf4 Nd5 36.h3 Rg8 37.Nd6+ Bxd6
38.Bxd6 Nc3 39.Nd2 Rd8 40.Bc5 e5 41.Nc4 Ba6 42.Nxa5 Ne2+ 43.Kg2 exd4 44.Bxb4 Rc8
45.Rd1 d3 46.Rd2 Rc1 47.f3 Nd4 48.Kf2 Nxb3 49.Nxb3 Rb1 50.Nc5 Rxb4 51.Nxa6  1-0